[Event "Barcelona Rubi op-A 5th"]
[Site "Barcelona"]
[Date "2004.04.??"]
[Round "1"]
[White "Beltran Careta, Manuel"]
[Black "Domenche Redondo, Francesco"]
[Result "1/2-1/2"]
[WhiteElo "2125"]
[BlackElo "2005"]
[PlyCount "54"]
[EventDate "2004.04.25"]
[EventType "swiss"]
[EventRounds "9"]
[EventCountry "ESP"]
[SourceTitle "EXT 2007"]
[Source "ChessBase"]
[SourceDate "2006.11.23"]
[SourceVersion "1"]
[SourceVersionDate "2006.11.23"]
[SourceQuality "1"]

1. d4 d5 2. c4 e6 3. Nc3 Nf6 4. Nf3 Be7 5. e3 Nbd7 6. Bd2 c6 7. Qc2 0-0 8. g4 Nxg4 9. Rg1 f5 10. h3 Ngf6 11. cxd5 cxd5 12. Nb5 Ne8 13. 0-0-0 a6 14. Nc3 b5 15. Kb1 Bb7 16. Rc1 Rc8 17. Qb3 Nd6 18. h4 Nc4 19. Bd3 Nxd2+ 20. Nxd2 Qb6 21. Rg2 Bf6 22. Rcg1 Qd6 23. f3 Nb6 24. Ka1 Rf7 25. Qd1 Qb4 26. a3 Qd6 27. h5 b4 1/2-1/2

[Event "Barcelona Rubi op-A 5th"]
[Site "Barcelona"]
[Date "2004.04.??"]
[Round "6"]
[White "Porta Bellido, Xavier"]
[Black "Beltran Careta, Manuel"]
[Result "0-1"]
[WhiteElo "1955"]
[BlackElo "2125"]
[PlyCount "85"]
[EventDate "2004.04.25"]
[EventType "swiss"]
[EventRounds "9"]
[EventCountry "ESP"]
[SourceTitle "EXT 2007"]
[Source "ChessBase"]
[SourceDate "2006.11.23"]
[SourceVersion "1"]
[SourceVersionDate "2006.11.23"]
[SourceQuality "1"]

1. e4 c6 2. d4 d5 3. Nc3 dxe4 4. Nxe4 Nd7 5. Ng5 Ngf6 6. Be2 h6 7. N5h3 Nb6 8. c4 Bf5 9. Be3 e6 10. a3 g5 11. g4 Be4 12. f3 Bg6 13. Bd3 Bxd3 14. Qxd3 Bg7 15. Ne2 Qc7 16. Rc1 0-0-0 17. Qc2 Rhe8 18. Bf2 Qe7 19. Bg3 Rh8 20. 0-0 h5 21. Nxg5 Bh6 22. f4 Nxg4 23. Qe4 h4 24. Bxh4 Bxg5 25. Bxg5 f6 26. f5 Nxh2 27. Bf4 Nxf1 28. Kxf1 e5 29. Kf2 Rde8 30. dxe5 fxe5 31. Bg3 Qg5 32. Rf1 Rhf8 33. Ke1 Nd7 34. Bh4 Qh6 35. Rh1 Nc5 36. Qc2 Qe3 37. Kf1 Qf3+ 38. Kg1 Rxf5 39. Ng3 Rg8 40. Kh2 Rxg3 41. Qxf5+ Qxf5 42. Bxg3 Qc2+ 43. Kg1 0-1